BAILEY & LOVES : SHORT PRACTICE OF SURGERY (Record no. 3205)

MARC details
000 -LEADER
fixed length control field 00383nam a2200145Ia 4500
008 - FIXED-LENGTH DATA ELEMENTS--GENERAL INFORMATION
fixed length control field 150201s2004 xx 000 0 und d
082 ## - DEWEY DECIMAL CLASSIFICATION NUMBER
Classification number 617.5
Item number B2004R
100 ## - MAIN ENTRY--PERSONAL NAME
Personal name RUSSELL,R.C.G.
245 ## - TITLE STATEMENT
Title BAILEY & LOVES : SHORT PRACTICE OF SURGERY
250 ## - EDITION STATEMENT
Edition statement 24TH
260 ## - PUBLICATION, DISTRIBUTION, ETC. (IMPRINT)
Name of publisher, distributor, etc. HODDER ARNOLD PUBLICATION
Place of publication, distribution, etc. LONDON (U.K)
Date of publication, distribution, etc. 2004
300 ## - PHYSICAL DESCRIPTION
Extent 1-1522
650 ## - SUBJECT ADDED ENTRY--TOPICAL TERM
Topical term or geographic name as entry element SURGERY
942 ## - ADDED ENTRY ELEMENTS (KOHA)
Source of classification or shelving scheme Dewey Decimal Classification
Koha item type Books
Koha issues (borrowed), all copies 1
Holdings
Withdrawn status Lost status Source of classification or shelving scheme Damaged status Not for loan Home library Current library Date acquired Source of acquisition Cost, normal purchase price Serial Enumeration / chronology SGTU Bill Number Total Checkouts Full call number Barcode Date last seen Date last checked out Bill Date Koha item type
    Dewey Decimal Classification     SGT Dental Library SGT Dental Library 10/03/2005 U.B.S.DELHI 134.98 1 SGTU 1305 1 617.5 B2004R FD3274 13/10/2021 06/10/2021 27/04/2012 Books
    Dewey Decimal Classification     SGT Dental Library SGT Dental Library 10/03/2005 U.B.S.DELHI 134.98 1 SGTU 1305   617.5 B2004R FD3275 09/02/2015   27/04/2012 Books